000 00406nam a2200169Ia 4500
003 IT-RoPAU
008 120407s9999 xx 000 0 und d
040 _aIT-RoPAU
040 _cIT-RoPAU
100 _aRomano Forleo
245 _aNato per amore. Attesa, nascita, primi giorni di nostro figlio
260 _aEdizioni Paoline
300 _c cm
490 _v1
700 _aGiulia Forleo
942 _cBK
999 _c4987
_d4987